000 00315nam a22001337a 4500
008 170414b xxu||||| |||| 00| 0 eng d
020 _a9780323074292
041 _aeng
080 _210 ED
_a618
100 _a10
101 _aSHM
245 _aMATERNITY WOMENS HEALTH CARE
_cLOWDERMILK.L.D
942 _2udc
_cBK
999 _c10776
_d10776